| 000 | 00479nam a2200169Ia 4500 | ||
|---|---|---|---|
| 005 | 20250326125559.0 | ||
| 008 | 250326s9999 xx 000 0 und d | ||
| 037 | _aTextbook | ||
| 040 |
_aFMSL _beng _cFMSL |
||
| 041 |
_aeng _2eng |
||
| 084 |
_aX:74 L01 _qFMSL |
||
| 245 | 0 | _aIntroduction to business forecasting | |
| 260 |
_aLondon _bLondon, Institute Of Cost And Works Accountants _c1970 |
||
| 300 | _a42p | ||
| 942 |
_cTB _hX:74 L01 |
||
| 999 |
_c1278662 _d1278662 |
||